[Event "GM"]
[Site "Biel SUI"]
[Date "2002.07.30"]
[Round "8"]
[White "Smirin,I"]
[Black "Korchnoi,V"]
[Result "1/2-1/2"]
[WhiteElo "2676"]
[BlackElo "2626"]

1.e4 e6 2.d4 d5 3.Nd2 c5 4.Ngf3 Nc6 5.exd5 exd5 6.Bb5 Qe7+ 7.Qe2 cxd4 8.Nxd4 Qxe2+
9.Kxe2 Bd7 10.N2b3 Nxd4+ 11.Nxd4 Bc5 12.Be3 Bxb5+ 13.Nxb5 Bxe3 14.Kxe3 Kd7
15.Rhd1 Nf6 16.f3 Rhe8+ 17.Kf2 a6 18.Nd4 Re5 19.Rd3 Rae8 20.Rad1 Kc7 21.Rc3+ Kb8
22.Rb3 Rc8 23.g4 Nd7 24.Re3 f6 25.f4 Rxe3 26.Kxe3 Nb6 27.b3 g6 28.Kf3 Kc7
29.Re1 Kd7 30.Re3 Na8 31.Kf2 Nc7 32.a4 Re8 33.Rh3 Re7 34.f5 Kd6 35.c3 b5
36.a5 b4 37.Re3 bxc3 38.Rxe7 Kxe7 39.Ke3 gxf5 40.gxf5 Kd6 41.Kd3 Ke5  1/2-1/2

[Event "GM"]
[Site "Biel SUI"]
[Date "2002.07.31"]
[Round "9"]
[White "Vallejo Pons,F"]
[Black "Smirin,I"]
[Result "1/2-1/2"]
[WhiteElo "2648"]
[BlackElo "2676"]

1.c4 e5 2.Nc3 Nf6 3.e3 Nc6 4.Qc2 d5 5.cxd5 Nb4 6.Qb1 Nbxd5 7.d3 Bb4 8.Bd2 O-O
9.Nf3 Re8 10.e4 Nxc3 11.bxc3 Bc5 12.Be2 b6 13.Qc2 h6 14.Rd1 Ba6 15.Qa4 Bb7
16.O-O Qd7 17.Qxd7 Nxd7 18.d4 Bd6 19.Bb5 Re7 20.Rfe1 Rd8 21.Bd3 Rde8 22.d5 Nc5
23.Bb5 Rd8 24.Nh4 a6 25.Bf1 Bc8 26.c4 Ree8 27.g3 Bd7 28.f3 Kh7 29.g4 g6 30.Be3 Be7
31.Bf2 Bd6 32.h3  1/2-1/2

[Event "GM"]
[Site "Biel SUI"]
[Date "2002.08.01"]
[Round "10"]
[White "Smirin,I"]
[Black "Tkachiev,V"]
[Result "1/2-1/2"]
[WhiteElo "2676"]
[BlackElo "2625"]

1.e4 e5 2.Nf3 Nc6 3.Bb5 a6 4.Ba4 Nf6 5.O-O Be7 6.Re1 b5 7.Bb3 O-O 8.d3 d6
9.c3 Na5 10.Bc2 c5 11.Nbd2 Nc6 12.Nf1 h6 13.Ng3 Re8 14.h3 Be6 15.d4 cxd4
16.cxd4 exd4 17.Nxd4 Nxd4 18.Qxd4 Rc8 19.Bb3 d5 20.e5 Nd7 21.Nh5  1/2-1/2

[Event "Olympiad"]
[Site "Bled SLO"]
[Date "2002.10.29"]
[Round "4"]
[White "Kakageldyev,A"]
[Black "Smirin,I"]
[Result "1-0"]
[WhiteElo "2468"]
[BlackElo "2683"]

1.d4 Nf6 2.c4 g6 3.Nc3 Bg7 4.e4 d6 5.Nge2 O-O 6.Ng3 h5 7.Be2 h4 8.Nf1 c5
9.d5 b5 10.cxb5 h3 11.gxh3 a6 12.bxa6 Bxh3 13.Rg1 Nxa6 14.Rg3 Qc8 15.Ne3 Nc7
16.f4 Bd7 17.f5 gxf5 18.Nxf5 Bxf5 19.exf5 Qxf5 20.Bh6 Nce8 21.Qd3 Qh7 22.Qe3 Qc2
23.Bxg7 Nxg7 24.Qh6 Qh7 25.Qg5 Nd7 26.O-O-O f6 27.Qe3 Rf7 28.Rdg1 f5 29.Qe6 Ne5
30.Rxg7+ Qxg7 31.Rxg7+ Kxg7 32.Bh5  1-0

[Event "Olympiad"]
[Site "Bled SLO"]
[Date "2002.11.06"]
[Round "11"]
[White "Kveinys,A"]
[Black "Smirin,I"]
[Result "0-1"]
[WhiteElo "2530"]
[BlackElo "2683"]

1.e4 c5 2.Nf3 e6 3.d4 cxd4 4.Nxd4 Nc6 5.Nb5 d6 6.c4 Nf6 7.N1c3 a6 8.Na3 Be7
9.Be2 O-O 10.O-O b6 11.Be3 Ne5 12.f4 Ned7 13.Bf3 Bb7 14.Qe2 Re8 15.Rac1 Rc8
16.Nab1 Qc7 17.Nd2 h6 18.h4 Nh7 19.h5 Qb8 20.b4 d5 21.cxd5 Bxb4 22.Ndb1 exd5
23.e5 Nhf6 24.Rfd1 Nxe5 25.fxe5 Rxe5 26.Qf2 Rxe3 27.Qxe3 Bc5 28.Rd4 Re8 29.Qf2 Ne4
30.Bxe4 dxe4 31.Ne2 Bc6 32.Rxc5 bxc5 33.Rd1 e3 34.Qf4 Qa8 35.Qg3 Bb5 36.Nbc3 Bxe2
37.Nxe2 Qe4 38.Qf3 Qc2 39.Rc1 Qxa2 40.Rxc5 a5 41.Qg4 a4 42.Qd7 Qb1+ 43.Rc1 Qe4
44.Ra1 Ra8 45.Ra3 Qc4 46.Qd1 Qh4 47.Rxe3 Qxh5 48.Qd7 Qc5 49.Kf2 a3 50.Kf3 Qxe3+  0-1

[Event "Olympiad"]
[Site "Bled SLO"]
[Date "2002.11.07"]
[Round "12"]
[White "Smirin,I"]
[Black "Ftacnik,L"]
[Result "1/2-1/2"]
[WhiteElo "2683"]
[BlackElo "2603"]

1.e4 c5 2.Nf3 d6 3.d4 cxd4 4.Nxd4 Nf6 5.Nc3 a6 6.Be3 e5 7.Nb3 Be6 8.f3 Nbd7
9.g4 Be7 10.Qd2 O-O 11.O-O-O Qc7 12.Kb1 Rfc8 13.g5 Nh5 14.Nd5 Bxd5 15.exd5 Nb6
16.Rg1 Nc4 17.Bxc4 Qxc4 18.Na5 Qc7 19.b3 Rab8 20.Nc4 Rf8 21.Nxe5 dxe5 22.d6 Bxd6
23.Qxd6 Rbc8 24.c4 f6 25.Qxc7 Rxc7 26.Rd6 g6 27.Kb2 Ng7 28.Bb6 Rcf7 29.Ka3 Nf5
30.Rxf6 Rxf6 31.gxf6 Rxf6 32.Bc7 Re6 33.Rd1 Kf7 34.Rd7+ Re7 35.Rxe7+ Kxe7
36.Kb4 Nd4 37.Kc5 Kd7 38.Bxe5 Nxf3 39.Bb8 g5 40.Kd5 h5 41.Ke4 g4 42.Kf5 Kc6
43.b4 a5 44.a3 axb4 45.axb4 b6 46.Bf4 b5 47.c5 Kd5 48.Bg3 Kc6 49.Kf4 Kd5
50.h4 Nd4 51.Kg5 Nc6 52.Kxh5 Nxb4 53.Kxg4 Nd3 54.c6 Kxc6 55.Kf5 Kd7 56.h5 b4
57.Bh4 Ke8 58.h6 Kf7 59.Bf6 Kg8  1/2-1/2

[Event "Olympiad"]
[Site "Bled SLO"]
[Date "2002.11.10"]
[Round "14"]
[White "Sokolov,I"]
[Black "Smirin,I"]
[Result "1-0"]
[WhiteElo "2684"]
[BlackElo "2683"]

1.d4 Nf6 2.c4 g6 3.Nc3 Bg7 4.e4 d6 5.Bd3 Nc6 6.Nge2 Nh5 7.Bc2 O-O 8.O-O e5
9.d5 Ne7 10.a4 a5 11.Nb5 f5 12.exf5 Nxf5 13.Ra3 Nh4 14.Be4 h6 15.Qc2 Nf4
16.Re1 Bg4 17.Bxf4 exf4 18.Ned4 f3 19.g3 Be5 20.Ree3 Qf6 21.Nxf3 Bxf3 22.Bxf3 Nf5
23.Re2 Rac8 24.Be4 c6 25.Bxf5 Qxf5 26.Nc3 Qxc2 27.Rxc2 g5 28.Rb3 Rf7 29.dxc6 bxc6
30.Rd2 Rf3 31.Rb7 Rf7 32.Rb6 Kg7 33.Ne4 Rd7 34.Ra6 Rb8 35.Rxc6 Rxb2 36.Rxb2 Bxb2
37.Nxd6 Kf6 38.Nb7+ Kf5 39.Nxa5 Ra7 40.Nb3 Rxa4 41.Rxh6 Rxc4 42.Nd2 Rc2 43.Rd6 Ba3
44.Rd5+ Ke6 45.Rd3 Be7 46.Nf3 Rc5 47.Re3+ Kf6 48.Re4 Rc2 49.Nxg5 Bc5 50.Nh3  1-0

[Event "ch-ISR"]
[Site "Tel Aviv ISR"]
[Date "2002.11.24"]
[Round "1"]
[White "Smirin,I"]
[Black "Vydeslaver,A"]
[Result "1-0"]
[WhiteElo "2683"]
[BlackElo "2434"]

1.e4 c5 2.Nf3 d6 3.d4 cxd4 4.Nxd4 Nf6 5.Nc3 Nc6 6.Bg5 e6 7.Qd3 Be7 8.O-O-O Nxd4
9.Qxd4 O-O 10.f4 Qa5 11.Bc4 Bd7 12.e5 dxe5 13.fxe5 Bc6 14.Bd2 Nd7 15.Nd5 Qc5
16.Nxe7+ Qxe7 17.Rhe1 Rfc8 18.Qg4 Nf8 19.Bd3 Ng6 20.Re3 Qc5 21.Rde1 Bb5 22.Bb4 Qb6
23.Bd6 Bxd3 24.Rxd3 Qa6 25.Ra3 Rc4 26.Qf3 Nh4 27.Qf2 Qc6 28.b3 Rg4 29.g3 Nf5
30.Rxa7 Rc8 31.Qc5 Qxc5 32.Bxc5 h5 33.Bf2 b5 34.Rb7 b4 35.h3 Rg5 36.Rg1 Rc3
37.Rxb4 Ne7 38.a4 Nd5 39.Re4 Rf3 40.Be1 h4 41.Rxh4 Rxe5 42.Rd4 Ne3 43.Rd3 Rd5
44.Rxd5 exd5 45.Bd2 Nf5 46.Bf4  1-0

[Event "Aeroflot Open"]
[Site "Moscow RUS"]
[Date "2003.02.12"]
[Round "2"]
[White "Ivanov,Se"]
[Black "Smirin,I"]
[Result "1/2-1/2"]
[WhiteElo "2561"]
[BlackElo "2664"]

1.d4 Nf6 2.c4 g6 3.Nc3 Bg7 4.e4 d6 5.Nf3 O-O 6.Be2 e5 7.O-O Nc6 8.d5 Ne7
9.b4 Nh5 10.c5 Nf4 11.Bxf4 exf4 12.Rc1 h6 13.Nd4 g5 14.Bh5 Kh8 15.Re1 Ng8
16.h3 Nf6 17.Bf3 Re8 18.cxd6 cxd6 19.Ncb5 Re7 20.Rxc8 Rxc8 21.Nf5 Rd7 22.Nbxd6 Rxd6
23.Nxd6 Qxd6 24.e5 Qxb4 25.exf6 Bxf6 26.d6 Kg7 27.d7 Rc4 28.Qe2 Rd4 29.Rd1 b6  1/2-1/2

[Event "TCh-RUS"]
[Site "Togliatti RUS"]
[Date "2003.05.17"]
[Round "2"]
[White "Balashov,Y"]
[Black "Smirin,I"]
[Result "0-1"]
[WhiteElo "2494"]
[BlackElo "2662"]

1.e4 c5 2.Nf3 e6 3.d4 cxd4 4.Nxd4 a6 5.Bd3 Bc5 6.c3 d6 7.O-O Nf6 8.Bg5 h6
9.Bh4 g5 10.Bg3 e5 11.Nb3 Ba7 12.N1d2 Nc6 13.Nc4 Be6 14.Qe2 h5 15.h3 h4 16.Bh2 g4
17.hxg4 Bxg4 18.Qd2 Rg8 19.Rfe1 Qe7 20.Bf1 O-O-O 21.Qd3 h3 22.a4 hxg2 23.Be2 Be6
24.Rad1 Nxe4 25.Qxe4 d5 26.Qf3 dxc4 27.Nd2 Bg4 28.Qxg4+ Rxg4 29.Bxg4+ Kb8
30.Ne4 Rg8 31.Bh3 Qh4 32.Bxg2 b5  0-1

[Event "TCh-RUS"]
[Site "Togliatti RUS"]
[Date "2003.05.18"]
[Round "3"]
[White "Smirin,I"]
[Black "Sakaev,K"]
[Result "1-0"]
[WhiteElo "2662"]
[BlackElo "2664"]

1.e4 c5 2.Nf3 d6 3.d4 cxd4 4.Nxd4 Nf6 5.Nc3 a6 6.Be3 Ng4 7.Bg5 h6 8.Bh4 g5
9.Bg3 Bg7 10.h3 Ne5 11.Nf5 Bxf5 12.exf5 Qa5 13.Qd5 Nbc6 14.Qxa5 Nxa5 15.Nd5 Rc8
16.O-O-O Nd7 17.h4 Nc6 18.c3 Nf6 19.Nb6 Rd8 20.f3 g4 21.h5 gxf3 22.gxf3 O-O
23.Bg2 Nb8 24.f4 Nbd7 25.Nc4 Nc5 26.Bh4 Rfe8 27.Bf3 b5 28.Na5 Nce4 29.Rhg1 d5
30.Nc6 Rd6 31.Ne5 Red8 32.Rg2 Kf8 33.Rdg1 Ne8 34.Ng4 Rc8 35.Kb1 a5 36.Ne3 N4f6
37.Bxf6 Rxf6 38.Nxd5 Rd6 39.f6 exf6 40.Ne3 Rc5 41.Bg4 b4 42.cxb4 axb4 43.Nf5 Rd8
44.Bh3 Rd3 45.Rg3 Rxg3 46.Rxg3 Rc4 47.Rd3 Rxf4 48.Rd8 Rf3 49.Nd6 Re3 50.Bd7 f5
51.Rxe8+ Rxe8 52.Bxe8 Be5 53.Nc4  1-0

[Event "4th IECC"]
[Site "Istanbul TUR"]
[Date "2003.05.30"]
[Round "1"]
[White "Jaracz,P"]
[Black "Smirin,I"]
[Result "0-1"]
[WhiteElo "2549"]
[BlackElo "2662"]

1.e4 c5 2.Nf3 e6 3.d4 cxd4 4.Nxd4 a6 5.Bd3 Bc5 6.Nb3 Be7 7.Qg4 g6 8.Qe2 d6
9.O-O Nd7 10.Kh1 Qc7 11.Nc3 b6 12.Bd2 Bb7 13.Rae1 h5 14.Nd4 Ngf6 15.Nf3 h4
16.h3 Nh5 17.Be3 Ne5 18.a4 Bf6 19.Nh2 g5 20.Ng4 Be7 21.Qd2 Rg8 22.Be2 Nc4
23.Bxc4 Qxc4 24.Bxb6 Qc6 25.a5 f5 26.Nh2 g4 27.hxg4 fxg4 28.Qh6 Nf6 29.f3 Kd7
30.fxg4 Rh8 31.Qe3 Rag8 32.Rf4 Kc8 33.Qf2 Rg6 34.Re3 Kb8 35.Ref3 Nd7 36.Rf7 Re8
37.Rh7 Ne5 38.Rf4 Rgg8 39.Qe2  0-1

[Event "4th IECC"]
[Site "Istanbul TUR"]
[Date "2003.06.02"]
[Round "4"]
[White "Smirin,I"]
[Black "Vaisser,A"]
[Result "0-1"]
[WhiteElo "2662"]
[BlackElo "2563"]

1.e4 e6 2.d4 d5 3.Nc3 Bb4 4.e5 Ne7 5.a3 Bxc3+ 6.bxc3 c5 7.Qg4 O-O 8.Bd3 Nbc6
9.Qh5 Ng6 10.Nf3 Qc7 11.Be3 c4 12.Bxg6 fxg6 13.Qg4 Qf7 14.Kd2 h6 15.h4 Bd7
16.Ng1 b5 17.Nh3 a5 18.Nf4 Ne7 19.Qe2 Rfb8 20.g4 Kh7 21.h5 g5 22.Nh3 Qf8
23.f4 gxf4 24.Nxf4 b4 25.Rhf1 bxc3+ 26.Kxc3 Qd8 27.Rfb1 Rb6 28.Kd2 Rab8 29.Kc1 Ba4
30.Qd2 Kg8 31.Qc3 Nc8 32.Rxb6 Qxb6 33.g5 hxg5 34.Ng6 Na7 35.Bf2 Nb5 36.Qh3 Nxd4
37.Kd1 Qb2 38.Bxd4 Qxd4+ 39.Ke2 Qxa1 40.Qxe6+ Kh7 41.Qf5 Bxc2  0-1

[Event "4th IECC"]
[Site "Istanbul TUR"]
[Date "2003.06.05"]
[Round "6"]
[White "Smirin,I"]
[Black "Olafsson,H"]
[Result "1/2-1/2"]
[WhiteElo "2662"]
[BlackElo "2473"]

1.e4 c6 2.d4 d5 3.exd5 cxd5 4.c4 Nf6 5.Nc3 e6 6.Nf3 Be7 7.c5 O-O 8.Bf4 Nc6
9.Bb5 Bd7 10.O-O Ne4 11.Rc1 g5 12.Be3 f5 13.Bxc6 Bxc6 14.Ne5 Bf6 15.Nxc6 bxc6
16.f3 Nxc3 17.Rxc3 f4 18.Bf2 e5 19.Qd3 exd4 20.Bxd4 Qd7 21.Bxf6 Rxf6 22.Rb3 Qe8
23.h3 Re6  1/2-1/2

[Event "4th IECC"]
[Site "Istanbul TUR"]
[Date "2003.06.11"]
[Round "11"]
[White "Halkias,S"]
[Black "Smirin,I"]
[Result "1/2-1/2"]
[WhiteElo "2542"]
[BlackElo "2662"]

1.d4 Nf6 2.c4 g6 3.Nc3 Bg7 4.e4 d6 5.Nf3 O-O 6.Be2 e5 7.Be3 Ng4 8.Bg5 f6
9.Bh4 g5 10.Bg3 Nh6 11.h3 exd4 12.Nxd4 Nc6 13.O-O Nxd4 14.Qxd4 f5 15.Qd5+ Kh8
16.f4 fxe4 17.fxg5 Nf5 18.Nxe4 Bxb2 19.Bf2 Bxa1 20.Rxa1 Qe7 21.g4 Ng7 22.Re1 Bd7
23.Nf6 Bc6 24.Qd4 Rae8  1/2-1/2

[Event "4th IECC"]
[Site "Istanbul TUR"]
[Date "2003.06.12"]
[Round "12"]
[White "Smirin,I"]
[Black "Godena,M"]
[Result "0-1"]
[WhiteElo "2662"]
[BlackElo "2527"]

1.e4 e5 2.Nf3 Nc6 3.Bb5 a6 4.Ba4 Nf6 5.O-O b5 6.Bb3 Bc5 7.a4 Bb7 8.Re1 Ng4
9.Re2 Nd4 10.Nxd4 Bxd4 11.h3 h5 12.c3 Nxf2 13.Rxf2 Bxf2+ 14.Kxf2 Qh4+ 15.Kg1 Qxe4
16.Qf1 O-O 17.d3 Qg6 18.Nd2 Rae8 19.Qe2 d5 20.axb5 axb5 21.Ra7 Qb6+ 22.Qf2 c5
23.Rxb7 Qxb7 24.Qxc5 Rc8 25.Qf2 b4 26.c4 e4 27.dxe4 dxc4 28.Bxc4 b3 29.Qf1 Qc7
30.e5 Rfe8 31.e6 Rxe6 32.Bxe6 fxe6 33.Nxb3 Qb6+ 34.Kh2 Qxb3 35.Qe1 Rc2 36.Bf4 Qd5
37.Qg3 Rxb2 38.Be5 Rxg2+ 39.Qxg2 Qxe5+ 40.Kg1 Qe1+ 41.Kh2 Qe5+ 42.Kg1 h4  0-1

[Event "31st World Open Playoff"]
[Site "Philadelphia USA"]
[Date "2003.07.06"]
[Round "1"]
[White "Smirin,I"]
[Black "Ehlvest,J"]
[Result "0-1"]
[WhiteElo "2662"]
[BlackElo "2587"]

1.e4 e5 2.Nf3 Nc6 3.Bb5 a6 4.Ba4 Nf6 5.O-O Be7 6.Re1 b5 7.Bb3 O-O 8.d3 d6
9.c3 h6 10.Nbd2 Re8 11.a4 Bd7 12.d4 Bf8 13.d5 Na5 14.Bc2 c6 15.b4 Nb7 16.dxc6 Bxc6
17.c4 Qc7 18.Bb2 Rab8 19.Rc1 Qd7 20.cxb5 axb5 21.a5 Nd8 22.Bd3 Qb7 23.Qc2 Rc8
24.Qb1 Ne6 25.Bf1 Ng5 26.Nxg5 hxg5 27.g3 g4 28.Bg2 g6 29.Nf1 Bh6 30.Rcd1 Re6
31.h3 gxh3 32.Bxh3 Bxe4 33.Rxe4 Qxe4 34.Bxe6 Qxb1 35.Bxf7+ Kxf7 36.Rxb1 Nd5
37.Rd1 Ke6 38.a6 Ra8 39.Ra1 Ra7 40.Ra5 Nc7 41.Ra3 Rxa6 42.Rd3 Nd5  0-1

[Event "It"]
[Site "Biel SUI"]
[Date "2003.07.21"]
[Round "1"]
[White "Smirin,I"]
[Black "Lutz,C"]
[Result "1-0"]
[WhiteElo "2656"]
[BlackElo "2631"]

1.e4 c5 2.Nf3 d6 3.d4 cxd4 4.Nxd4 Nf6 5.Nc3 a6 6.Be3 e5 7.Nb3 Be6 8.f3 Nbd7
9.g4 Nb6 10.g5 Nh5 11.Qd2 Be7 12.O-O-O Rc8 13.Rg1 O-O 14.Kb1 g6 15.Nd5 Nxd5
16.exd5 Bf5 17.Bd3 Bxd3 18.Qxd3 Qd7 19.Nd2 Qh3 20.c4 b5 21.cxb5 axb5 22.Qxb5 Qf5+
23.Ne4 Qxf3 24.Qd3 Kh8 25.Rgf1 Qg4 26.Rc1 Rxc1+ 27.Bxc1 Kg8 28.a4 h6 29.gxh6 f5
30.Nc3 Rb8 31.Qc2 Nf6 32.Rd1 Rc8 33.Qd3 Rxc3 34.bxc3 Qxa4 35.Rd2 Qe4 36.c4 f4
37.Kc2 Kh7 38.Qxe4 Nxe4 39.Re2 f3 40.Re3 Ng5 41.Kd1 e4 42.Ke1  1-0

[Event "It"]
[Site "Biel SUI"]
[Date "2003.07.22"]
[Round "2"]
[White "Smirin,I"]
[Black "Korchnoi,V"]
[Result "1-0"]
[WhiteElo "2656"]
[BlackElo "2628"]

1.e4 e5 2.Nf3 Nc6 3.Bb5 a6 4.Ba4 Nf6 5.O-O Be7 6.Re1 b5 7.Bb3 d6 8.c3 O-O
9.h3 Na5 10.Bc2 c5 11.d4 Qc7 12.Nbd2 cxd4 13.cxd4 Bd7 14.Nf1 Rac8 15.Ne3 Nc6
16.d5 Nb4 17.Bb1 a5 18.a3 Na6 19.b4 axb4 20.axb4 Qb7 21.Bd2 Ra8 22.Bd3 Nc7
23.Bc3 Rxa1 24.Qxa1 Na8 25.Nd2 Nb6 26.Nb3 Na4 27.Na5 Qa8 28.Rc1 Rc8 29.Bd2 Bf8
30.Nc2 Nb6 31.Na3 Nc4 32.N3xc4 bxc4 33.Nxc4 Qxa1 34.Rxa1 Nxe4 35.Nb6 Nxd2
36.Nxc8 Bxc8 37.Ra7 e4 38.Be2 Nb3 39.Rc7 Bf5 40.Bc4 Nd4 41.g4 Bg6 42.b5 Nxb5
43.Bxb5 e3 44.f3 f6 45.Bd7 h5 46.Bf5  1-0

[Event "It"]
[Site "Biel SUI"]
[Date "2003.07.27"]
[Round "6"]
[White "Lutz,C"]
[Black "Smirin,I"]
[Result "1/2-1/2"]
[WhiteElo "2631"]
[BlackElo "2656"]

1.e4 c5 2.Nf3 d6 3.d4 cxd4 4.Nxd4 Nf6 5.Nc3 a6 6.Be3 e6 7.f3 Be7 8.Qd2 Nc6
9.O-O-O O-O 10.g4 Nxd4 11.Bxd4 b5 12.g5 Nd7 13.h4 b4 14.Ne2 a5 15.Kb1 Ne5
16.f4 Nc4 17.Qe1 Qc7 18.Ng3 e5 19.Bxc4 Qxc4 20.fxe5 dxe5 21.Bxe5 a4 22.Qf1 Qc6
23.Qd3 b3 24.Qc3 bxc2+ 25.Qxc2 Qe6 26.Qc7 Re8 27.Bd6 Bd8 28.Qc3 Bb7 29.Ka1 Ba5
30.Qd4 Bxe4 31.Nxe4 Qxe4 32.Qxe4 Rxe4 33.a3 g6 34.Bc5 Rae8 35.Rd7 Re1+ 36.Rxe1 Bxe1
37.Rd4 Bf2 38.Rd5 Bxc5 39.Rxc5 Re4 40.b4 axb3 41.Kb2 Rxh4 42.Kxb3 Kg7 43.a4 h6
44.gxh6+ Kxh6 45.a5 f5 46.a6 Kg5 47.a7 Rh8 48.Ra5 Ra8 49.Kc3 Kf4 50.Kd2 Kf3
51.Ke1 Kg2 52.Ke2 Kg3  1/2-1/2

[Event "ECC"]
[Site "Rethymnon GRE"]
[Date "2003.09.30"]
[Round "3"]
[White "Mchedlishvili,M"]
[Black "Smirin,I"]
[Result "1/2-1/2"]
[WhiteElo "2566"]
[BlackElo "2656"]

1.d4 Nf6 2.c4 g6 3.Nc3 Bg7 4.Nf3 O-O 5.g3 d5 6.cxd5 Nxd5 7.Bg2 Nb6 8.O-O Nc6
9.d5 Na5 10.Qc2 c6 11.dxc6 Nxc6 12.Rd1 Bf5 13.e4 Bd7 14.Be3 Nc4 15.Bf4 Qc8
16.Qe2 Nb6 17.Rac1 Qe8 18.Nd5 Rc8 19.h3 e5 20.Nxb6 axb6 21.Be3 Nd4 22.Nxd4 Rxc1
23.Bxc1 exd4 24.Bf4 Bb5 25.Qd2 Qe6 26.Qb4 Qd7 27.e5  1/2-1/2

[Event "ECC"]
[Site "Rethymnon GRE"]
[Date "2003.10.01"]
[Round "4"]
[White "Smirin,I"]
[Black "Smirnov,P"]
[Result "1/2-1/2"]
[WhiteElo "2656"]
[BlackElo "2629"]

1.e4 c5 2.Nf3 Nc6 3.Bb5 g6 4.c3 Nf6 5.Qe2 Bg7 6.O-O O-O 7.d4 d5 8.e5 Ne4
9.Be3 cxd4 10.cxd4 f6 11.exf6 exf6 12.Nc3 Be6 13.Rac1 g5 14.Nd2 Nxd2 15.Qxd2 Ne7
16.Rfe1 Bf7 17.Na4 b6 18.Nc3 Nf5 19.Bd3 Nd6 20.Qc2 h6 21.Bg6 Qd7 22.Bxf7+ Nxf7
23.Qb3 Rad8 24.f3 f5 25.Bf2 f4 26.Qb5 Qf5 27.Re7 g4 28.fxg4 Qxg4 29.Qe2 Qg6
30.Kh1 Ng5 31.Rxa7 f3 32.gxf3 Rde8 33.Qb5 Rxf3 34.Qxd5+ Kh8 35.Bg1 Ref8 36.Ra8 Rxa8
37.Qxa8+ Kh7 38.Qd5 Rd3 39.Ne2 Rf3 40.Ng3 Qd3 41.Rc7 Qg6 42.a4 h5 43.Rc6 Bf6
44.Rc3 Rxc3 45.bxc3 h4 46.Nf5 Qh5 47.Ne3 Qe2 48.Qf5+ Kg7 49.Ng4 Ne4 50.Nxf6 Nxf6
51.d5 Qd1 52.d6 Qxa4 53.Bd4 Qc6+ 54.Kg1 Qxd6 55.Kg2 Kf7 56.Kh3 Qd7 57.Qxd7+ Nxd7
58.Kxh4 Kg6 59.Kg4 b5 60.Kf4 Nb8 61.Bc5 Nd7 62.Bd4 Nb8 63.Bc5 Nd7 64.Bb4 Kh5
65.Be7 Nb6 66.Ke4 Kg4 67.Kd4 Kh3 68.Bd6 Na4 69.Bc7 Kg4 70.Kd3 Kh3 71.Kc2 Nc5
72.Bd6 Na4 73.Bc7 Nc5 74.Kb2 Nd7 75.Kb3 Nf6 76.Be5 Nd5 77.Kc2 Nb6 78.Bb8 Na4
79.Bc7 Nc5 80.Bg3  1/2-1/2

[Event "ECC"]
[Site "Rethymnon GRE"]
[Date "2003.10.04"]
[Round "7"]
[White "Smirin,I"]
[Black "Markowski,T"]
[Result "1/2-1/2"]
[WhiteElo "2656"]
[BlackElo "2610"]

1.e4 c5 2.Nf3 e6 3.d4 cxd4 4.Nxd4 a6 5.Nc3 b5 6.Bd3 d6 7.O-O Nf6 8.Qe2 Be7
9.a4 b4 10.Na2 e5 11.Nf5 Bxf5 12.exf5 a5 13.Bb5+ Nbd7 14.Bg5 O-O 15.c3 bxc3
16.Nxc3 h6 17.Bh4 Nc5 18.Rad1 Nb3 19.Bxf6 Bxf6 20.Nd5 Nd4 21.Qd3 Rc8 22.Rc1 Bg5
23.Rc3 Rxc3 24.bxc3 Nb3 25.Rd1 Nc5 26.Qe2 e4 27.Qg4 Bf6 28.Re1 Be5 29.Re3 Kh7
30.Rh3 g6 31.f3 exf3 32.gxf3 h5 33.f4 Bg7 34.Qg2 Rg8 35.Kh1 Bf6 36.fxg6+ fxg6
37.f5 Bh4 38.Bc4 Rg7 39.Qf3 Qg5 40.Nf4 Qxf5 41.Rxh4 Re7 42.Bd3 Nxd3 43.Qxd3 Re4
44.Ng2 Rxa4 45.Qd1  1/2-1/2

[Event "EuTCh"]
[Site "Plovdiv BUL"]
[Date "2003.10.11"]
[Round "1"]
[White "Smirin,I"]
[Black "Halkias,S"]
[Result "1-0"]
[WhiteElo "2670"]
[BlackElo "2546"]

1.e4 e5 2.Nf3 Nf6 3.Nc3 Nc6 4.g3 Bc5 5.Bg2 d6 6.d3 a6 7.O-O O-O 8.h3 h6 9.Kh2 Be6
10.Be3 Bxe3 11.fxe3 d5 12.exd5 Nxd5 13.Qe1 Qd7 14.Rd1 Rad8 15.a3 Rfe8 16.Ne4 b6
17.g4 f6 18.Nh4 Rf8 19.Nf5 Bxf5 20.gxf5 Kh8 21.Ng3 Nde7 22.Rg1 Rg8 23.Be4  1-0

[Event "EuTCh"]
[Site "Plovdiv BUL"]
[Date "2003.10.19"]
[Round "8"]
[White "Smirin,I"]
[Black "Moiseenko,A"]
[Result "1-0"]
[WhiteElo "2670"]
[BlackElo "2618"]

1.e4 c5 2.Nf3 Nc6 3.Bb5 e6 4.O-O Nge7 5.c3 a6 6.Ba4 b5 7.Bc2 Bb7 8.Re1 Rc8
9.a4 Ng6 10.Na3 b4 11.Nc4 Qc7 12.h4 Be7 13.h5 Nge5 14.Nfxe5 Nxe5 15.Nxe5 Qxe5
16.d4 cxd4 17.cxd4 Qf6 18.Be3 g6 19.Bd3 Qh4 20.Rc1 O-O 21.hxg6 fxg6 22.Rxc8 Rxc8
23.g3 Qf6 24.a5 Bf8 25.Qe2 Rc6 26.d5 exd5 27.exd5 Rc8 28.Bc4 Kh8 29.Rd1 Bg7
30.b3 Re8 31.Qg4 d6 32.Bf1 h5 33.Qxb4 Qf3 34.Qd2 h4 35.Bd4 Kg8 36.Bg2 Qg4
37.Bxg7 Kxg7 38.Rc1 hxg3 39.Rc7+ Kg8 40.Rxb7 Re2 41.f3 Re1+ 42.Bf1 Qh3 43.Rb8+ Kh7
44.Qg2 Qh4 45.f4 Rxf1+ 46.Kxf1 Qxf4+ 47.Ke2 Qe5+ 48.Kd3 Qf5+ 49.Kd2 Qf4+
50.Kc2 Qf5+ 51.Kb2 Qf6+ 52.Ka2 Qf2+ 53.Qxf2 gxf2 54.Rf8 f1=R 55.Rxf1  1-0

[Event "TCh-CZE Extraliga 2003-4"]
[Site "Czech Rep CZE"]
[Date "2003.11.08"]
[Round "1"]
[White "Smirin,I"]
[Black "Heberla,B"]
[Result "1-0"]
[WhiteElo "2670"]
[BlackElo "2420"]

1.e4 c5 2.Nf3 Nc6 3.Bb5 e6 4.O-O Nge7 5.c3 a6 6.Ba4 b5 7.Bc2 c4 8.a4 b4 9.b3 cxb3
10.Bxb3 Ng6 11.d4 Na5 12.Bc2 Rb8 13.cxb4 Bxb4 14.e5 Bb7 15.Nbd2 d6 16.exd6 Bxd6
17.Ne4 Bxe4 18.Bxe4 O-O 19.Ra2 Qd7 20.d5 e5 21.Bd3 Nb3 22.Be3 Nc5 23.Bxg6 hxg6
24.Bxc5 Bxc5 25.Nxe5 Qf5 26.Nc6 Rb7 27.Re2 Rd7 28.Re5 Qf4 29.Qb3 Qd2 30.Qc4 Bd6
31.Re3 Ra8 32.Qe4 Rf8 33.g3 Ra8 34.a5 Rf8 35.Qc4 Ra8 36.Re2 Qg5 37.Rfe1  1-0

[Event "TCh-CZE Extraliga 2003-4"]
[Site "Czech Rep CZE"]
[Date "2003.11.09"]
[Round "2"]
[White "Rasik,V"]
[Black "Smirin,I"]
[Result "0-1"]
[WhiteElo "2461"]
[BlackElo "2670"]

1.e4 c5 2.Bc4 e6 3.Qe2 Nc6 4.c3 Be7 5.Bb3 d5 6.d3 Nf6 7.Nf3 O-O 8.O-O b5
9.Bg5 c4 10.dxc4 bxc4 11.Ba4 dxe4 12.Bxc6 exf3 13.Bxf3 Rb8 14.Bf4 Rb5 15.b4 Nd5
16.Bg3 Bf6 17.a4 Rxb4 18.cxb4 Bxa1 19.Qxc4 Bb7 20.Na3 Bc3 21.Rd1 Bxb4 22.Rxd5 Bxd5
23.Qxb4 a5 24.Qd6 Qxd6 25.Bxd6 Rc8 26.Kf1 Bb3 27.Ke2 Bxa4 28.Ke3 Bc6 29.Bxc6 Rxc6
30.Be7 f6 31.Kd4 Rc1 32.h4 Rf1 33.Ke3 Rd1 34.Nc4 a4 35.Nb2 Ra1 36.Nc4 Rb1
37.Kd3 Kf7 38.Ba3 Kg6 39.Bb2 Rxb2  0-1

[Event "TCh-CZE Extraliga 2003-4"]
[Site "Czech Rep CZE"]
[Date "2004.01.10"]
[Round "5"]
[White "Smirin,I"]
[Black "Voloshin,L"]
[Result "1-0"]
[WhiteElo "2670"]
[BlackElo "2522"]

1.e4 c5 2.Nf3 e6 3.d4 cxd4 4.Nxd4 a6 5.Nc3 Qc7 6.Bd3 Nf6 7.O-O Be7 8.Kh1 b5
9.f4 b4 10.Nb1 Bb7 11.Nd2 d6 12.a3 bxa3 13.Rxa3 Nc6 14.Rc3 O-O 15.e5 dxe5
16.fxe5 Nd7 17.Bxh7+ Kxh7 18.Qh5+ Kg8 19.Rh3 f6 20.N4f3 f5 21.Ne4 fxe4 22.Qh7+ Kf7
23.Ng5+ Ke8 24.Qg6+ Kd8 25.Nxe6+ Kc8 26.Rxf8+ Bxf8 27.Qe8+ Nd8 28.Nxc7 Kxc7
29.e6 Nxe6 30.Qxe6 Bd6 31.Rc3+ Nc5 32.Be3 Rf8 33.Qxd6+  1-0

[Event "TCh-CZE Extraliga 2003-4"]
[Site "Czech Rep CZE"]
[Date "2004.02.07"]
[Round "6"]
[White "Smirin,I"]
[Black "Macieja,B"]
[Result "1/2-1/2"]
[WhiteElo "2670"]
[BlackElo "2653"]

1.e4 e5 2.Nf3 Nc6 3.Nc3 Nf6 4.g3 Nxe4 5.Nxe4 d5 6.Nc3 d4 7.Ne4 f5 8.Neg5 e4
9.Bc4 exf3 10.Nxf3 Qe7+ 11.Kf1 Be6 12.d3 Bxc4 13.dxc4 Qd7 14.Kg2 O-O-O 15.a3 h6
16.h4 Bd6 17.b4 Ne5 18.c5 Nxf3 19.Qxf3 Be5 20.Rb1 Qd5 21.Rb3 Bf6 22.Re1 Qxf3+
23.Rxf3 Rd5 24.Rd3  1/2-1/2

[Event "Aeroflot Open"]
[Site "Moscow RUS"]
[Date "2004.02.19"]
[Round "3"]
[White "Smirin,I"]
[Black "Felgaer,R"]
[Result "1/2-1/2"]
[WhiteElo "2670"]
[BlackElo "2554"]

1.e4 c5 2.Nf3 Nc6 3.Bb5 e6 4.O-O Nge7 5.c3 d5 6.exd5 Nxd5 7.Bxc6+ bxc6 8.d3 Be7
9.c4 Nb4 10.Qa4 Qc7 11.Rd1 O-O 12.a3 Na6 13.Nc3 e5 14.Be3 f6 15.Nd2 Rb8 16.Nb3 f5
17.f3 Bd6 18.Kh1 Qe7 19.Rf1 Nc7 20.f4 Ne6 21.fxe5 Bxe5 22.Rae1 Qd6 23.Bg1 Nd4
24.Nxd4 cxd4 25.c5 Qxc5 26.b4 Qd6 27.Ne2 Rb7 28.Rc1 Rc7 29.Qa5 Re7 30.Qc5 Qxc5
31.Rxc5 Ba6 32.Bxd4 Bxd3 33.Rxe5 Rxe5 34.Bxe5 Re8 35.Rf3 Be4 36.Re3 Rxe5
37.Kg1 Rd5 38.Nc3 Rd3 39.Rxd3 Bxd3 40.Kf2 Kf7 41.Ke3 Bf1 42.g3 Ke6 43.Kd4 g5
44.Na4 Bg2 45.Nc5+ Kf6 46.Nd3 h5 47.a4 f4 48.gxf4 g4 49.Ne5 Kf5 50.Ke3 Bd5
51.b5 cxb5 52.axb5 h4 53.Kf2 Kxf4 54.Nc6 g3+ 55.hxg3+ hxg3+ 56.Kg1 a6 57.Nb4 axb5
58.Nxd5+  1/2-1/2

[Event "Aeroflot Open"]
[Site "Moscow RUS"]
[Date "2004.02.25"]
[Round "9"]
[White "Smirin,I"]
[Black "Berkes,F"]
[Result "1/2-1/2"]
[WhiteElo "2670"]
[BlackElo "2602"]

1.e4 c5 2.Nf3 d6 3.d4 cxd4 4.Nxd4 Nf6 5.Nc3 a6 6.a4 e5 7.Nf3 Be7 8.Bg5 Be6
9.Bxf6 Bxf6 10.Nd5 O-O 11.Bc4 Nd7 12.O-O Rc8 13.b3 Nb6  1/2-1/2

[Event "TCh-CRO"]
[Site "Rabac CRO"]
[Date "2004.06.21"]
[Round "1"]
[White "Brumen,D"]
[Black "Smirin,I"]
[Result "0-1"]
[WhiteElo "2396"]
[BlackElo "2675"]

1.d4 c5 2.e3 Nf6 3.Nf3 g6 4.Be2 Bg7 5.O-O O-O 6.c4 cxd4 7.exd4 d5 8.c5 Nc6
9.Nc3 Ne4 10.Be3 b6 11.cxb6 Nxc3 12.bxc3 axb6 13.Qd2 Bg4 14.Rfb1 Na5 15.Ne5 Bxe2
16.Qxe2 f6 17.Nf3 Qd6 18.Qb5 Nc4 19.Bc1 Qe6 20.Qb3 Ra5 21.Bf4 Qf5 22.Be3 Ra3
23.Qb4 Rfa8 24.Rf1 Qd7 25.Nd2 Nxe3 26.fxe3 Rxa2 27.Rxa2 Rxa2 28.c4 Bh6 29.Rf3 Qe6
30.Qc3 dxc4 31.Rh3 Kg7 32.Nxc4 Qg4  0-1